00519nam a2200157Ia 4500008004100000020001400041100002400055245008200079260004300161516002000204650001300224650001800237650001300255830003400268856005900302140925s9999 xx 000 0 und d a1057-3631 aOermann, Marilyn H. aJournal of Nursing Care Quality /cMarilyn H. Oermann.h[electronic resource] bLippincott Williams & Wilkins,cc2014. aElectronic text aJournal. aNursing care. aNursing. aLippincott Williams & Wilkins uhttp://journals.lww.com/jncqjournal/pages/default.aspx